Movies Quiz

Random Movies or Actress Quiz

Golden Globe Award for Best Actress - Musical or Comedy Quiz Stats

 Plays Quiz not verified by Sporcle

Score 0/68 Timer 15:00
0 Plays Today
Year Actress % Correct
1990Julia Roberts
98.2%
2006Meryl Streep
97.8%
2009Meryl Streep
97.8%
1995Nicole Kidman
97.3%
2001Nicole Kidman
97.3%
1997Helen Hunt
96.9%
1998Gwyneth Paltrow
96.9%
1987Cher
96.4%
2005Reese Witherspoon
96.4%
2012Jennifer Lawrence
96.3%
1977 (tie)Diane Keaton
96%
2000Renée Zellweger
96%
2002Renée Zellweger
96%
2003Diane Keaton
96%
1964Julie Andrews
95.6%
1965Julie Andrews
95.6%
1982Julie Andrews
95.6%
2011Michelle Williams
95.6%
1989Jessica Tandy
95.1%
1996Madonna
95.1%
2013Amy Adams
94.7%
2014Amy Adams
94%
1968Barbra Streisand
92.9%
1976Barbra Streisand
92.9%
1980Sissy Spacek
91.6%
1986Sissy Spacek
91.6%
2004Annette Bening
91.6%
2010Annette Bening
91.6%
1972Liza Minnelli
90.2%
2007Marion Cotillard
90.2%
1988Melanie Griffith
87.6%
1979Bette Midler
86.7%
1991Bette Midler
86.7%
1993Angela Bassett
85.3%
Year Actress % Correct
1959Marilyn Monroe
83.1%
1994Jamie Lee Curtis
83.1%
1967Anne Bancroft
82.2%
1954Judy Garland
78.2%
1984Kathleen Turner
76.4%
1985Kathleen Turner
76.4%
1960Shirley MacLaine
74.2%
1963Shirley MacLaine
74.2%
1978 (tie)Maggie Smith
69.3%
2008Sally Hawkins
62.7%
1956Deborah Kerr
62.2%
1999Janet McTeer
60.9%
1977 (tie)Marsha Mason
60.4%
1973Glenda Jackson
57.8%
1950Judy Holliday
51.6%
1958Rosalind Russell
49.8%
1961Rosalind Russell
49.8%
1962Rosalind Russell
49.8%
1966Lynn Redgrave
49.8%
1992Miranda Richardson
46.2%
1983Julie Walters
45.3%
1975Ann-Margret
44.4%
1981Bernadette Peters
43.1%
1978 (tie)Ellen Burstyn
42.2%
1971Twiggy
28.4%
1970Carrie Snodgress
27.6%
1974Raquel Welch
27.6%
1952Susan Hayward
24.9%
1953Ethel Merman
22.2%
1955Jean Simmons
19.1%
1969Patty Duke
16.9%
1957 (tie)Taina Elg
16.4%
1957 (tie)Kay Kendall
13.3%
1951June Allyson
12.9%

You're not logged in!

Compare scores with friends on all Sporcle quizzes.
Join for Free
OR
Log In

You Might Also Like...

Show Comments

Extras

Top Quizzes Today


Score Distribution

Your Account Isn't Verified!

In order to create a playlist on Sporcle, you need to verify the email address you used during registration. Go to your Sporcle Settings to finish the process.

Report this User

Report this user for behavior that violates our Community Guidelines.

Details: